| 000 | 00565nam a2200193 i 4500 | ||
|---|---|---|---|
| 001 | 36297 | ||
| 003 | ES-MaACL | ||
| 005 | 20240430132826.0 | ||
| 007 | t| | ||
| 008 | 030217s1971 sp ||||1| cat d | ||
| 100 | 1 |
_aBrossa, Joan. _931934 |
|
| 245 | 1 | 0 |
_aCalç i rajoles _b: comedia en tres actos / _cJoan Brossa ; proleg. de Pere Gimferrer. |
| 250 | _a[1ª ed.]. | ||
| 260 |
_aBarcelona : _bEdicions 62, _c[1971] |
||
| 300 |
_a77 p. ; _c18 cm. |
||
| 700 | 0 |
_aGimferrer, Pere, _d1945- _957102 |
|
| 852 |
_aES-MaACL _jC-41643 _bR.79964 |
||
| 999 |
_c36297 _d36297 |
||